European History between 1000AD and 1500AD - Statistics

General Stats
  • This quiz has been taken 254 times
  • The average score is 6 of 15
Answer Stats
Questions Answer % Correct
On 1066 this famous English battle took place Battle of Hastings
90%
This Empire fell after a siege on 1453 Byzantine
77%
This city was sacked by Crusaders in 1204 Constantinople
64%
This event started in Italy spreading an interest in ancient Greece and Rome Renaissance
60%
This famous family ruled Austria Habsburg
56%
The age of discovery started on this year 1492
52%
This country came under a union with Poland after the Crusade of Varna Lithuania
45%
This war broke out between Englnd and France 100 years war
40%
This king defeated Saladin in pitched battle Richard I Lionheart
39%
The 1st crusade was called this year 1095
30%
This man invented the Printing Press Joannes Guttenberg
26%
This union later formed Spain Iberian Union
25%
This battle concluded the War of the Roses Bosworth field
18%
Many eastern European countries took part in this crusade against the Ottomans during 1443 Crusade of Varna
12%
This "Empire" restored the Byzantine Empire Nicaea
9%
No matching quizzes found
Score Distribution
Percent of People with Each Score
Percentile by Number Answered
Your Score History
You have not taken this quiz